000
00310nam a22001337a 4500
008
181029b xxu||||| |||| 00| 0 eng d
020
_a
9785090089609
041
_a
eng
080
_a
531
100
_a
531
101
_a
FIZ
245
_a
College Physics Puting It All Together
_c
Ron.H
942
_2
udc
_c
BK
999
_c
51008
_d
51008